[Event "Oebro CXU International 2024"]
[Site "Copenhagen"]
[Date "2024.07.25"]
[Round "5.11"]
[White "Steffens, Olaf"]
[Black "Gomez Aguirre, Juan Alberto"]
[Result "1-0"]
[WhiteElo "2192"]
[BlackElo "2322"]
[WhiteFideId "4630564"]
[BlackFideId "54587867"]
[EventDate "2024.07.22"]
[EventType "swiss"]
[EventRounds "9"]
[EventCountry "DEN"]
[SourceTitle "Live v. Obro Skakforening"]

1. d4   d5  2. Nc3   Nf6  3. Bf4   c5  4. e3   a6  5. dxc5   Qa5  6. Nf3   Qxc5  7. Be2   Nc6  8. O-O   e6  9. Bd3   b5  10. e4  10... d4  11. Ne2   e5  12. Bg5   Be7  13. c3   dxc3  14. Nxc3   O-O  15. Nd5   Qd6  16. Rc1   Bb7  17. Nxe7+   Qxe7  18. Nh4   Qe6  19. Nf5   h6  20. Bh4  20... Kh7  21. f4   Rad8  22. Rxc6   Bxc6  23. fxe5   Qxe5  24. Bg3   Qxb2  25. Rf2   Rxd3  26. Qxd3   Bxe4  27. Qd6   Qc1+  28. Rf1   Rc8  29. Rxc1   Rxc1+  30. Kf2  30... Bxf5  31. Qxa6   Rb1  32. Ke3   Bg6  33. h3   Rb4  34. Bd6   Ra4  35. Qxb5   Rxa2  36. g4   Ra8  37. Kf4   Rd8  38. Be5   Nd5+  39. Kf3   f6  40. Qa5  40... Re8  41. Bd4   Be4+  42. Kg3   Rb8  43. Qa3   Rb4  44. Bc3   Rc4  45. Bd2   Rd4  46. Qb2   Rd3+  47. Kh2   Bg6  48. Qc1   Rd4  49. Kg3   Rd3+  50. Kh2  50... Ne7  51. Bb4   Nd5  52. Bd2   Rd4  53. Kg3   Rd3+  1-0

[Event "Oebro CXU International 2024"]
[Site "Copenhagen"]
[Date "2024.07.25"]
[Round "5.12"]
[White "Aczel, Gergely"]
[Black "Jarlskov, Daniel Tuk Hartso"]
[Result "1-0"]
[WhiteElo "2498"]
[BlackElo "2030"]
[WhiteFideId "727709"]
[EventDate "2024.07.22"]
[EventType "swiss"]
[EventRounds "9"]
[EventCountry "DEN"]
[SourceTitle "Live v. Obro Skakforening"]

1. d4   d5  2. c4   e6  3. Nc3   c5  4. cxd5   exd5  5. Nf3   Nc6  6. g3   Nf6  7. Bg2   Be7  8. O-O   O-O  9. Bg5   c4  10. Ne5  10... Be6  11. f4   Ng4  12. Nxg4   Bxg4  13. Bxd5   Bxg5  14. fxg5   Qxg5  15. Rf4   Rad8  16. Qd2   Bh3  17. e4   Qe7  18. Rd1   Be6  19. Bxc6   bxc6  20. d5  20... f5  21. d6   Qf6  22. exf5   Bxf5  23. Rxc4   h5  24. Rf4   Qe6  25. Qd4   Rf6  26. Qxa7   g6  27. Qf2   Rxd6  28. Rf1   Rf8  29. h3   Rfd8  30. g4  30... hxg4  31. hxg4   Bxg4  32. Ne4   Bf5  33. Nxd6   Rxd6  34. Rd4   Rxd4  35. Qxd4   Qxa2  36. Re1   Qa8  37. Re7   Qf8  38. Qc4+  1-0

[Event "Oebro CXU International 2024"]
[Site "Copenhagen"]
[Date "2024.07.25"]
[Round "5.13"]
[White "Colbow, Collin"]
[Black "Meskenas, Paulius"]
[Result "1-0"]
[WhiteElo "2413"]
[BlackElo "2168"]
[WhiteFideId "16201132"]
[BlackFideId "12809969"]
[EventDate "2024.07.22"]
[EventType "swiss"]
[EventRounds "9"]
[EventCountry "DEN"]
[SourceTitle "Live v. Obro Skakforening"]

1. e4   e5  2. Nf3   Nc6  3. Bb5   a6  4. Ba4   Nf6  5. d3   Bc5  6. c3   b5  7. Bb3   Bb6  8. O-O   O-O  9. a4   Rb8  10. axb5  10... axb5  11. Na3   Bc5  12. d4   Bxa3  13. Rxa3   Nxe4  14. dxe5   Nc5  15. Bc2   Ne6  16. Qd3   g6  17. b4   d5  18. Rd1   Ne7  19. Ng5   Ng7  20. Qg3  20... Qe8  21. Ra7   Bf5  22. Bxf5   Nexf5  23. Qh3   h6  24. Nf3   h5  25. Rxc7   Ne6  26. Ra7   Ra8  27. Rxa8   Qxa8  28. Ng5   Nxg5  29. Bxg5   d4  30. cxd4  30... Nxd4  31. Qd3   Ne6  32. h4   Nxg5  33. hxg5   Qc8  34. Qxb5   Qf5  35. Qe2   Re8  36. Re1   Qxg5  37. b5   Re6  38. Qb2   Qd8  39. Rb1   Qb8  40. b6  40... Rxe5  41. b7   Re7  42. Qb4   Rd7  43. Qb6   Kg7  44. Qc6   Rd8  45. Rc1   Qf4  46. Qc8   Kh7  47. g3   Qd2  48. Rb1   Qd3  49. Rc1   Qd6  50. Qc7  50... Qf8  51. Kg2   Qe8  52. Kg1   Qf8  53. Re1   Kg8  54. Rb1   Rb8  55. Ra1   Kh7  56. Ra4   Kg7  57. Kh2   Re8  58. Kg2   Rd8  59. Qc6   Rd6  60. Qc3+  60... Kh6  61. Ra8   Rd8  62. Qc8   Qe7  63. Qxd8   Qxb7+  64. Kh2   Qf3  65. Qh8+   Kg5  66. Qe5+  1-0

[Event "Oebro CXU International 2024"]
[Site "Copenhagen"]
[Date "2024.07.25"]
[Round "5.14"]
[White "Kush, Bhagat"]
[Black "Jacobsen, Mikkel Manosri"]
[Result "0-1"]
[WhiteElo "2188"]
[BlackElo "2242"]
[WhiteFideId "46672940"]
[BlackFideId "1444514"]
[EventDate "2024.07.22"]
[EventType "swiss"]
[EventRounds "9"]
[EventCountry "DEN"]
[SourceTitle "Live v. Obro Skakforening"]

1. e4   c6  2. Nc3   d5  3. Nf3   Bg4  4. h3   Bxf3  5. Qxf3   e6  6. Be2   g6  7. d4   Bg7  8. h4   Bxd4  9. O-O   Qxh4  10. exd5  10... exd5  11. Nxd5   cxd5  12. Qxd5   Nf6  13. Qb5+   Nbd7  14. Bg5   Qe4  15. Bxf6   Bxf6  16. Rad1   Qc6  17. Qa5   O-O  0-1

[Event "Oebro CXU International 2024"]
[Site "Copenhagen"]
[Date "2024.07.25"]
[Round "5.15"]
[White "Buchal, Stephan"]
[Black "Jain, Sachi"]
[Result "1/2-1/2"]
[WhiteElo "2211"]
[BlackElo "2140"]
[WhiteFideId "4603915"]
[BlackFideId "25974050"]
[EventDate "2024.07.22"]
[EventType "swiss"]
[EventRounds "9"]
[EventCountry "DEN"]
[SourceTitle "Live v. Obro Skakforening"]

1. c4   e6  2. g3   d5  3. Bg2   Nf6  4. Nf3   d4  5. O-O   Nc6  6. d3   Bc5  7. b3   O-O  8. Ba3   Bxa3  9. Nxa3   e5  10. Nc2  10... a5  11. a3   Qe7  12. Qd2   Bf5  13. b4   Nd7  14. Nh4   Be6  15. b5   Nd8  16. f4   f6  17. fxe5   fxe5  18. Rxf8+   Qxf8  19. Rf1   Nf6  20. Nf3  20... Qd6  21. Ng5   Bd7  22. e3   c6  23. exd4   exd4  24. bxc6   Bxc6  25. Qf4   Qxf4  26. Rxf4   h6  27. Nf3   Ne6  28. Rf5   Ng4  29. Nfe1   g6  30. Rf1  30... Ne5  31. Bd5  1/2-1/2

[Event "Oebro CXU International 2024"]
[Site "Copenhagen"]
[Date "2024.07.25"]
[Round "5.16"]
[White "Christensen, Stefan"]
[Black "Thuesen, Mogens Henrik"]
[Result "0-1"]
[WhiteElo "2210"]
[BlackElo "2095"]
[WhiteFideId "1404148"]
[EventDate "2024.07.22"]
[EventType "swiss"]
[EventRounds "9"]
[EventCountry "DEN"]
[SourceTitle "Live v. Obro Skakforening"]

1. e4   c5  2. c3   e6  3. d4   d5  4. exd5   exd5  5. Nf3   Nc6  6. Be3   c4  7. b3   cxb3  8. axb3   Nf6  9. Be2   Bd6  10. O-O  10... h6  11. c4   O-O  12. Nc3   Bf5  13. Ra4   Rc8  14. cxd5   Nb4  15. Nb5   a6  16. Nxd6   Qxd6  17. Ne5   b5  18. Rxb4   Qxb4  19. Nc6   Qd6  20. Bf3  20... Rfe8  21. Qc1   Nxd5  22. Qc5   Qxc5  23. dxc5   Nxe3  24. fxe3   Be4  25. Nb4   a5  26. Bxe4   Rxe4  27. Nd5   Rxc5  28. Rf5   Kf8  0-1

[Event "Oebro CXU International 2024"]
[Site "Copenhagen"]
[Date "2024.07.25"]
[Round "5.17"]
[White "Bazilius, Augustinas"]
[Black "Johansson, Thomas"]
[Result "1-0"]
[WhiteElo "2096"]
[BlackElo "2172"]
[WhiteFideId "12832251"]
[EventDate "2024.07.22"]
[EventType "swiss"]
[EventRounds "9"]
[EventCountry "DEN"]
[SourceTitle "Live v. Obro Skakforening"]

1. d4   d5  2. c4   e6  3. Nf3   Nf6  4. g3   Be7  5. Bg2   O-O  6. O-O   dxc4  7. Qa4   c6  8. Qxc4   b6  9. Rd1   Ba6  10. Qc2  10... Bb7  11. b3   Qc8  12. Ba3   c5  13. dxc5   bxc5  14. Nbd2   Na6  15. Rac1   Re8  16. e4   Qb8  17. e5   Nd5  18. Qb1   h6  19. Ne4   Rc8  20. Bb2  20... Bc6  21. Nfd2   Ndb4  22. Nc4   Bd5  23. a3   Nc6  24. Qd3   Nd4  25. Ncd6   Nxb3  26. Qxa6   Rc6  27. Qe2   Nxc1  28. Bxc1   Qb3  29. Qg4   Kh7  30. Qh5  30... Rf8  31. Bg5   Bxd6  32. Nf6+   gxf6  33. Qxh6+   Kg8  34. exf6   Qxd1+  35. Bf1  1-0

[Event "Oebro CXU International 2024"]
[Site "Copenhagen"]
[Date "2024.07.25"]
[Round "5.18"]
[White "Simonsen, Carsten"]
[Black "Petersen, Peter Birk"]
[Result "1-0"]
[WhiteElo "2212"]
[BlackElo "2156"]
[WhiteFideId "1439898"]
[BlackFideId "1401696"]
[EventDate "2024.07.22"]
[EventType "swiss"]
[EventRounds "9"]
[EventCountry "DEN"]
[SourceTitle "Live v. Obro Skakforening"]

1. d4   Nf6  2. Nf3   e6  3. Bf4   d5  4. e3   Bd6  5. c3   O-O  6. Nbd2   Bxf4  7. exf4   c5  8. h4   cxd4  9. Nxd4   Nc6  10. N2f3  10... Qd6  11. g3   Bd7  12. Bd3   Nxd4  13. Nxd4   Rfe8  14. O-O   Rab8  15. Re1   b5  16. a3   a5  17. b4   Rec8  18. Rc1   axb4  19. axb4   Rc7  20. Qd2  20... Ne4  21. Bxe4   dxe4  22. Rxe4   Bc6  23. Re5   Bd5  24. Rce1   Qd7  25. f5   exf5  26. Nxf5   Be6  27. Nd4   h6  28. Qf4   Rb6  29. Rc5   Ra7  30. Nxe6  30... Rxe6  31. Rxe6   Ra1+  32. Kg2   Qxe6  33. Qe5   Qb3  34. Rc8+   Kh7  35. Qf5+   g6  36. Qe5  1-0

[Event "Oebro CXU International 2024"]
[Site "Copenhagen"]
[Date "2024.07.25"]
[Round "5.19"]
[White "Jaksland, Tim"]
[Black "Jakhari, Ansh"]
[Result "1-0"]
[WhiteElo "2074"]
[BlackElo "2182"]
[WhiteFideId "1401084"]
[BlackFideId "1066005"]
[EventDate "2024.07.22"]
[EventType "swiss"]
[EventRounds "9"]
[EventCountry "DEN"]
[SourceTitle "Live v. Obro Skakforening"]

1. e4   c5  2. c3   Nf6  3. e5   Nd5  4. Bc4   Nb6  5. Bb3   Nc6  6. Nf3   c4  7. Bc2   d6  8. exd6   e5  9. O-O   Bxd6  10. d3  10... f5  11. dxc4   e4  12. Ng5   O-O  13. c5   Bxc5  14. Bb3+   Kh8  15. Qh5   h6  16. Qg6  1-0

[Event "Oebro CXU International 2024"]
[Site "Copenhagen"]
[Date "2024.07.25"]
[Round "5.20"]
[White "Andersen, Morten"]
[Black "Veiergang, Oscar Jacob"]
[Result "1/2-1/2"]
[WhiteElo "2176"]
[BlackElo "2070"]
[EventDate "2024.07.22"]
[EventType "swiss"]
[EventRounds "9"]
[EventCountry "DEN"]
[SourceTitle "Live v. Obro Skakforening"]

1. Nf3   Nf6  2. e3   g6  3. d4   Bg7  4. c4   c6  5. Nc3   d5  6. h3   O-O  7. Bd3   Nbd7  8. O-O   Re8  9. cxd5   Nxd5  10. e4  10... Nxc3  11. bxc3   e5  12. Qc2   exd4  13. cxd4   c5  14. Bb2   cxd4  15. Nxd4   Qb6  16. Nb3   Bxb2  17. Qxb2   Nc5  18. Qc2   Nxb3  19. Qxb3   Qxb3  20. axb3  20... Be6  21. b4   Red8  22. Be2   a6  23. Rfb1   Rac8  24. b5   Rd2  25. bxa6   bxa6  26. Bxa6   Rcc2  27. Rc1   Rxf2  28. Rxc2   Rxc2  29. Bb7   Kg7  30. Rf1  30... Rb2  1/2-1/2

[Event "Oebro CXU International 2024"]
[Site "Copenhagen"]
[Date "2024.07.25"]
[Round "6.1"]
[White "Hector, Jonny"]
[Black "Solodovnichenko, Yuri"]
[Result "0-1"]
[WhiteElo "2410"]
[BlackElo "2481"]
[WhiteFideId "1700090"]
[BlackFideId "14104369"]
[EventDate "2024.07.22"]
[EventType "swiss"]
[EventRounds "9"]
[EventCountry "DEN"]
[SourceTitle "Live v. Obro Skakforening"]

1. e4   c5  2. Nf3   e6  3. d4   cxd4  4. Nxd4   Nf6  5. Nc3   d6  6. g4   h6  7. Rg1   Nc6  8. Be3   Be7  9. Be2   d5  10. exd5  10... Nxd5  11. Nxd5   Qxd5  12. Qd2   e5  13. Nb5   Qxd2+  14. Bxd2   O-O  15. O-O-O   a6  16. Nc7   Nd4  17. Bf1   Rb8  18. Be3   Rd8  19. c3   Nf3  20. Rg3  20... Rxd1+  21. Kxd1   Bd8  22. Nd5   Nxh2  23. Be2   Be6  24. c4   e4  25. Nc3   Bc7  26. Rg2   Rd8+  27. Kc1   Nf3  28. Nxe4   Nd4  29. Bf1   f5  30. Nf6+  30... Kf8  31. Nd5   Bxd5  32. cxd5   Rxd5  33. gxf5   Nxf5  34. Bd2   g5  35. Rg4   Rd4  36. Bh3   b6  37. Bc3   Bf4+  38. Kc2   Rd5  39. Bf1   a5  40. Bc4  40... Rc5  41. Kd3   b5  42. Be6   b4  43. Bh8   Ke7  44. Bb3   Rc8  45. Rxf4   gxf4  46. Be5   h5  47. Ke4   Nd6+  48. Kxf4   Rf8+  49. Ke3   Nf5+  50. Ke2  50... h4  51. f3   h3  52. Kf2   Rd8  0-1

[Event "Oebro CXU International 2024"]
[Site "Copenhagen"]
[Date "2024.07.25"]
[Round "6.2"]
[White "Kistrup, Nicolai"]
[Black "Haubro, Martin"]
[Result "1-0"]
[WhiteElo "2367"]
[BlackElo "2400"]
[WhiteFideId "1444816"]
[BlackFideId "1414291"]
[EventDate "2024.07.22"]
[EventType "swiss"]
[EventRounds "9"]
[EventCountry "DEN"]
[SourceTitle "Live v. Obro Skakforening"]

1. d4   Nf6  2. c4   e6  3. Nf3   d5  4. g3   Bb4+  5. Bd2   Be7  6. Bg2   Nbd7  7. O-O   c6  8. Qc2   Ne4  9. Bf4   g5  10. Be3  10... f5  11. Ne5   Nd6  12. Nd2   Nxe5  13. dxe5   Nf7  14. cxd5   cxd5  15. f4   Bd7  16. Rfc1   O-O  17. Nf3   gxf4  18. gxf4   Nh6  19. Bc5   Rc8  20. Bxe7  20... Qxe7  21. Qb3   b6  22. Nd4   Kh8  23. a3   Rc5  24. Rc3   Rfc8  25. Rac1   Qh4  26. Rf1   Rxc3  27. bxc3   Rc4  28. h3   Qg3  29. Rf3   Qe1+  30. Kh2  30... Nf7  31. Qc2   Nd8  32. Qd3   Nb7  33. Rg3   Qf2  34. Nxf5   Qxf4  35. Ne7   Be8  36. Kh1   Bf7  37. Rf3   Qh6  38. Rxf7   Nd8  39. Qg3  1-0

[Event "Oebro CXU International 2024"]
[Site "Copenhagen"]
[Date "2024.07.25"]
[Round "6.3"]
[White "Sengupta, Deep"]
[Black "Sriram, Jha"]
[Result "1-0"]
[WhiteElo "2491"]
[BlackElo "2304"]
[WhiteFideId "5008352"]
[BlackFideId "5001668"]
[EventDate "2024.07.22"]
[EventType "swiss"]
[EventRounds "9"]
[EventCountry "DEN"]
[SourceTitle "Live v. Obro Skakforening"]

1. e4   e5  2. Nf3   Nc6  3. Bc4   Nf6  4. d3   Be7  5. O-O   O-O  6. a4   d6  7. a5   a6  8. c3   Be6  9. Bxe6   fxe6  10. Nbd2  10... Qd7  11. Re1   Nh5  12. Nf1   Nf4  13. g3   Ng6  14. h4   h6  15. N1h2   Rf7  16. Qb3   Rb8  17. Kg2   Kh7  18. Be3   Bf6  19. Ng4   d5  20. h5  20... Nf8  21. Bc5   dxe4  22. dxe4   Qe8  23. Be3   Nd7  24. Red1   Rf8  25. Rd2   Qf7  26. Rad1   Be7  27. Nfh2   Bd6  28. Rxd6   cxd6  29. Rxd6   Nxa5  30. Qd1  30... Nf6  31. Nxf6+   Qxf6  32. Ng4   Qe7  33. Rd7   Qe8  34. Nxe5   Rd8  35. Bb6   Nc6  36. Ng6   Rxd7  37. Nxf8+   Qxf8  38. Qxd7   Ne5  39. Qd1   Nc4  40. Qd4  40... Nxb2  41. Qd7   Qf6  42. Qxb7   Nc4  43. Qxa6   Qxc3  44. Ba7   Qb3  45. Bc5   Nd2  46. Qe2   Qc3  47. Ba7   e5  48. f3   Nc4  49. Bf2   Qb3  50. f4  50... Qc3  51. Qg4   exf4  52. gxf4   Ne3+  53. Bxe3 Qxe3  54. Qf3   Qd2+  55. Kh3   Qe1  56. e5   Kh8  57. Kg4   Qg1+  58. Kf5   Qb1+  59. Qe4   Qd1  60. Ke6  60... Qxh5  61. Qa8+   Kh7  62. f5   Qg4  63. Qc8   h5  64. Kf7   h4  65. Qc2   Qh5+  66. Ke7   g6  67. Kf6   Qxf5+  68. Qxf5   gxf5  69. e6  1-0

[Event "Oebro CXU International 2024"]
[Site "Copenhagen"]
[Date "2024.07.25"]
[Round "6.4"]
[White "Heimisson, Hilmir Freyr"]
[Black "Shivakumar, Shawnak"]
[Result "0-1"]
[WhiteElo "2392"]
[BlackElo "2323"]
[WhiteFideId "2309998"]
[BlackFideId "30940192"]
[EventDate "2024.07.22"]
[EventType "swiss"]
[EventRounds "9"]
[EventCountry "DEN"]
[SourceTitle "Live v. Obro Skakforening"]

1. c4   e6  2. Nc3   b6  3. Nf3   Bb7  4. g3   f5  5. Bg2   Nf6  6. O-O   Be7  7. d3   O-O  8. e4   fxe4  9. Ng5   Nc6  10. d4  10... Na5  11. b3   c5  12. dxc5   bxc5  13. Be3   Qb6  14. Rc1   Rac8  15. Ngxe4   Nxe4  16. Bxe4   Bxe4  17. Nxe4   Qc6  18. Qd3   Rf5  19. Rfd1   Rd8  20. Nd6  20... Bxd6  21. Qxd6   Qc8  22. h4   h6  23. Rd2   Nb7  24. Qa6   d6  25. Qxa7   Qc6  26. Qa3   g5  27. Qb2   Rd7  28. g4   Re5  29. Qc2   Re4  30. Kh2  30... Nd8  31. Rg1   Nf7  32. Re2   Ne5  33. Rg3   gxh4  34. Rg2   Rxg4  35. f3   Qxf3  36. Bxh6   h3  37. Rg1   Rf7  38. Qe4   Rxg1  39. Kxg1   Qg3+  0-1

[Event "Oebro CXU International 2024"]
[Site "Copenhagen"]
[Date "2024.07.25"]
[Round "6.5"]
[White "Ravi, Rakshitta"]
[Black "Nielsen, Viktor Haarmark"]
[Result "1/2-1/2"]
[WhiteElo "2308"]
[BlackElo "2364"]
[WhiteFideId "25073230"]
[BlackFideId "1444492"]
[EventDate "2024.07.22"]
[EventType "swiss"]
[EventRounds "9"]
[EventCountry "DEN"]
[SourceTitle "Live v. Obro Skakforening"]

1. e4   c5  2. Nf3   e6  3. b3   a6  4. c4   d5  5. cxd5   exd5  6. exd5   Nf6  7. d4   cxd4  8. Qxd4   Qxd5  9. Bc4   Bb4+  10. Bd2  10... Qxd4  11. Nxd4   Bxd2+  12. Nxd2   O-O  13. O-O   Bd7  14. N2f3   Nc6  15. Rad1   Rad8  16. Rfe1   Nxd4  17. Rxd4   Bc6  18. Rxd8   Rxd8  19. Ne5   Be8  20. a4  20... b5  21. axb5   axb5  22. Bf1   Kf8  23. Rc1   Ne4  24. Nf3   Nd2  25. Nxd2   Rxd2  26. f3   Rb2  27. Rc3   Bd7  28. Re3   Be6  29. Bxb5   Rxb3  30. Rxb3  30... Bxb3  1/2-1/2

[Event "Oebro CXU International 2024"]
[Site "Copenhagen"]
[Date "2024.07.25"]
[Round "6.6"]
[White "Rakhmangulova, Anastasiya"]
[Black "Liu, Casper Yukun"]
[Result "1-0"]
[WhiteElo "2295"]
[BlackElo "2316"]
[WhiteFideId "14117479"]
[EventDate "2024.07.22"]
[EventType "swiss"]
[EventRounds "9"]
[EventCountry "DEN"]
[SourceTitle "Live v. Obro Skakforening"]

1. e4   c5  2. Nf3   Nc6  3. d4   cxd4  4. Nxd4   Nf6  5. Nc3   e5  6. Ndb5   d6  7. Bg5   a6  8. Na3   b5  9. Nd5   Be7  10. Bxf6  10... Bxf6  11. c3   Rb8  12. Nc2   Bg5  13. a3   O-O  14. h4   Bh6  15. g3   f5  16. exf5   Bxf5  17. Bg2   Qd7  18. Nce3   Be6  19. O-O   a5  20. Qd3  20... b4  21. axb4   axb4  22. Ra6   Kh8  23. Nc7   Qxc7  24. Rxc6   Qa7  25. Rxd6   bxc3  26. Rxe6   Bxe3  27. Qxe3   Qxe3  28. fxe3   Rxf1+  29. Kxf1   cxb2  30. Be4  30... b1=Q+  31. Bxb1   Rxb1+  32. Kf2   Kg8  33. Rxe5   Kf7  34. Ra5   Kf6  35. g4   Rc1  36. h5   Rh1  37. Kg2   Re1  38. g5+   Ke6  39. Kf3   Rh1  40. Kg4  40... Rg1+  41. Kf4   Rf1+  42. Ke4   Rg1  43. Ra6+   Kf7  44. Ra7+   Kf8  45. Kf5   Rb1  46. e4   Re1  47. e5   Rb1  48. h6   gxh6  49. gxh6   Kg8  50. Kf6  50... Rf1+  51. Ke6   Rf8  52. Kd6   Kh8  53. Rd7   Kg8  54. e6   Re8  55. Rg7+   Kh8  56. Rc7   Kg8  57. Rc1   Rd8+  58. Ke7   Rf8  59. Kd7  1-0

[Event "Oebro CXU International 2024"]
[Site "Copenhagen"]
[Date "2024.07.25"]
[Round "6.7"]
[White "Thuesen, Mogens Henrik"]
[Black "Aczel, Gergely"]
[Result "0-1"]
[WhiteElo "2095"]
[BlackElo "2498"]
[BlackFideId "727709"]
[EventDate "2024.07.22"]
[EventType "swiss"]
[EventRounds "9"]
[EventCountry "DEN"]
[SourceTitle "Live v. Obro Skakforening"]

1. e4   c6  2. d4   d5  3. e5   c5  4. Nf3   cxd4  5. c3   Nc6  6. Bb5   Qb6  7. Nxd4   Bd7  8. e6   fxe6  9. Bxc6   bxc6  10. O-O  10... Nf6  11. Be3   Qc7  12. f4   g6  13. Nd2   Bg7  14. N2f3   Ne4  15. Nd2   Nd6  16. Qe2   c5  17. N4b3   Bb5  18. Qg4   Bxf1  19. Nxc5   Qb6  20. Qxe6  20... Bb5  21. Re1   Nf5  22. Qxd5   Rd8  23. Qe4   Rxd2  24. Ne6   Nxe3  25. Nxg7+   Kf7  26. Rxe3   Qf6  27. Ne6   Rd1+  28. Kf2   Qh4+  0-1

[Event "Oebro CXU International 2024"]
[Site "Copenhagen"]
[Date "2024.07.25"]
[Round "6.8"]
[White "Rozentalis, Eduardas"]
[Black "Jacobsen, Mikkel Manosri"]
[Result "1-0"]
[WhiteElo "2480"]
[BlackElo "2242"]
[WhiteFideId "12800023"]
[BlackFideId "1444514"]
[EventDate "2024.07.22"]
[EventType "swiss"]
[EventRounds "9"]
[EventCountry "DEN"]
[SourceTitle "Live v. Obro Skakforening"]

1. e4   c6  2. d3   d5  3. Nd2   e5  4. Ngf3   Bd6  5. g3   Nf6  6. Bg2   O-O  7. O-O   Re8  8. h3   a5  9. a4   h6  10. Nh4  10... Qc7  11. Re1   Bf8  12. Nf1   g6  13. Kh1   Nbd7  14. Ne3   dxe4  15. dxe4   Nc5  16. Ng4   Nxg4  17. hxg4   b5  18. b3   bxa4  19. bxa4   Rd8  20. Qf3  20... Ne6  21. Be3   Nd4  22. Bxd4   Rxd4  23. Bf1   Be6  24. Ng2   Bc5  25. Ne3   Qe7  26. Bd3   Bb4  27. Rf1   Bc3  28. Rad1   Rxa4  29. Kg2   Bd4  30. Nf5  30... Qg5  31. Rh1   h5  32. Rh4   Bc5  33. Rdh1   Kf8  34. Qe2   Rd8  35. f4   Qf6  36. g5   Qh8  37. Rxh5   gxh5  38. Rxh5   Qg8  39. Nh6   Qg7  40. f5  40... Ba2  41. f6   Qg6  42. Nf5   Ke8  43. Bb5   Kd7  44. Bxa4   Kc7  45. g4   Kb6  46. Bxc6   Kxc6  47. Ne7+   Bxe7  48. fxe7  1-0

[Event "Oebro CXU International 2024"]
[Site "Copenhagen"]
[Date "2024.07.25"]
[Round "6.9"]
[White "Gomez Aguirre, Juan Alberto"]
[Black "Colbow, Collin"]
[Result "0-1"]
[WhiteElo "2322"]
[BlackElo "2413"]
[WhiteFideId "54587867"]
[BlackFideId "16201132"]
[EventDate "2024.07.22"]
[EventType "swiss"]
[EventRounds "9"]
[EventCountry "DEN"]
[SourceTitle "Live v. Obro Skakforening"]

1. d4   Nf6  2. c4   e6  3. Nc3   d5  4. Nf3   Be7  5. Bf4   O-O  6. e3   c5  7. dxc5   Bxc5  8. cxd5   Nxd5  9. Nxd5   exd5  10. a3  10... Nc6  11. Bd3   h6  12. Rc1   Bb6  13. O-O   d4  14. exd4   Nxd4  15. Be5   Bg4  16. Be4   Re8  17. Bxd4   Rxe4  18. Bxb6   Qxb6  19. Qd3   Rae8  20. h3  20... Bh5  21. Qc3   Rf4  22. Ne5   Be2  23. Qg3   g5  24. Nd3   Rd4  25. Nb4   Bxf1  26. Rxf1   Qc5  27. Kh1   a5  28. Na2   Qc4  29. Ra1   Rd3  30. f3  30... Qc2  31. Rf1   Qxb2  32. h4   Qxa2  33. hxg5   Qe6  34. gxh6+   Qg6  0-1

[Event "Oebro CXU International 2024"]
[Site "Copenhagen"]
[Date "2024.07.25"]
[Round "6.10"]
[White "Ramsdal, Jens Albert"]
[Black "Steffens, Olaf"]
[Result "1-0"]
[WhiteElo "2351"]
[BlackElo "2192"]
[WhiteFideId "1429221"]
[BlackFideId "4630564"]
[EventDate "2024.07.22"]
[EventType "swiss"]
[EventRounds "9"]
[EventCountry "DEN"]
[SourceTitle "Live v. Obro Skakforening"]

1. Nf3   c6  2. d4 Na6  3. c4   d6  4. e3 g5 5. Nxg5   Qa5+  6. Nc3   Qxg5  7. e4   Qg6  8. f4   e5 9. f5   Qf6  10. d5  10... Bh6  11. Be2   c5 12. O-O Nc7  13. Rf3   Bd7 14. Rb1   b6  15. a3 Bxc1  16. Qxc1   h5  17. b4 Qh6  18. Qb2   Na6 19. Nb5 Ne7  20. bxc5  20... bxc5  21. f6 O-O  22. fxe7   Rfe8  23. Rbf1   Rxe7  24. Nxd6 Qxd6  25. Rf6   Qb8  26. Qd2 Bc8  27. Bxh5   Qb7 28. Qh6   Be6  29. dxe6   Rxe6 30. Qg5+  30... Kf8  31. Rxf7+   Qxf7  32. Rxf7+  1-0